Missing Word: A-Z Books II Quiz Stats

 Plays Quiz Updated Apr 18, 2012

Support Sporcle.
Go Orange.
Score 0/25 Timer 04:00
1 Play Today
Book Missing Word % Correct
Gone With The ____
Mitchell
Wind
96.6%
____ Web
White
Charlotte's
91.7%
20,000 _____ Under the Sea
Verne
Leagues
91.4%
The Hunt for ___ October
Clancy
Red
91%
Nineteen _____-Four
Orwell
Eighty
90.8%
The Color _____
Walker
Purple
90.6%
A Clockwork ____
Burgess
Orange
89.5%
____ of Green Gables
Montgomery
Anne
89.2%
The ____ Games
Collins
Hunger
88.9%
A Series of ____ Events
Handler (Snicket)
Unfortunate
83.7%
The ____ Hungry Caterpillar
Carle
Very
83.6%
Watership ____
Adams
Down
80.1%
And Then There Were ____
Christie
None
79.9%
Book Missing Word % Correct
Things ____ Apart
Achebe
Fall
77.5%
The _____ Garden
Burnett
Secret
77%
The Green ____
King
Mile
76.5%
I Am America and So Can ___
Colbert
You
72.5%
Don _____
Cervantes
Quixote
72.3%
A ____ History of Time
Hawking
Brief
71.3%
A Game of ____
Martin
Thrones
70.1%
____ and Abel
Archer
Kane
51.3%
The Dead ____
King
Zone
41.7%
Steve _____
Isaacson
Jobs
34.6%
____ of Night
Wolff
Isle
6.4%
The ____ Man
Donleavy
Ginger
5.8%

Today's Daily Dose

Word Ladder
Math Aid

Get the Picture
Warrior Women

You're not logged in!

Compare scores with friends on all Sporcle quizzes.
OR
Log In
Forgot?

From the Vault

Premier League Clubs' Top Scorer by Season

by SHED

Sports 10m
Well, looking at the bottom scorers would have a lot of less-exciting zeroes.
Remove Ads.
Support Sporcle.
Get the best of Sporcle when you Go Orange. This ad-free experience offers more features, more stats, and more fun while also helping to support Sporcle. Thank you for becoming a member.

Show Comments

Extras

Top Quizzes Today


Score Distribution

Your Account Isn't Verified!

In order to create a playlist on Sporcle, you need to verify the email address you used during registration. Go to your Sporcle Settings to finish the process.

Report this User

Report this user for behavior that violates our Community Guidelines.

Details: